Normal view MARC view

Entry Personal Name

Number of records used in: 3

001 - CONTROL NUMBER

  • control field: 1239928

003 - CONTROL NUMBER IDENTIFIER

  • control field: OSt

005 - DATE AND TIME OF LATEST TRANSACTION

  • control field: 20260514122657.0

008 - FIXED-LENGTH DATA ELEMENTS

  • fixed length control field: 260514|| aca||aabn | a|a d

040 ## - CATALOGING SOURCE

  • Original cataloging agency: OSt
  • Transcribing agency: OSt

100 ## - HEADING--PERSONAL NAME

  • Personal name: Dr.Virendra Kumar

670 ## - SOURCE DATA FOUND

  • Source citation: Work cat.: (OSt)1851612: Dr.Sandeep Kumar 1239927, Clinical and Electrophysiological Profile of Children with Acute Symmetrical Polyneuropathy and Their Short Term Outcomes AT3 Months.
Copyright @ Delhi University Library System